Normal view
MARC view
- The Ldiot
Entry Topical Term
001 - CONTROL NUMBER
- control field: 112666
003 - CONTROL NUMBER IDENTIFIER
- control field: NUST
005 - DATE AND TIME OF LATEST TRANSACTION
- control field: 20230526095239.0
008 - FIXED-LENGTH DATA ELEMENTS
- fixed length control field: 230526|| aca||aabn | a|a d
040 ## - CATALOGING SOURCE
- Original cataloging agency: NUST
- Transcribing agency: NUST
150 ## - HEADING--TOPICAL TERM
- Topical term or geographic name entry element: The Ldiot
670 ## - SOURCE DATA FOUND
- Source citation: Work cat.: (NUST)186529: Fyodor Dostovevsky 112665, The Idiot, 1969
